000 00653cam a22002293a 4500
001 22065
003 PGUSA
005 20140828083453.0
008 070713s2007||||xxu|||||s|||||000 | eng d
040 _aPGUSA
_beng
042 _adc
050 4 _aPC
100 1 _aHarrison, Earl Stanley,
_d1871-
245 1 3 _aAn Elementary Spanish Reader
_h[electronic resource] /
_cEarl Stanley Harrison
260 _bProject Gutenberg,
_c2007
506 _aPublic domain in the USA.
516 _aElectronic text
653 _aSpanish language -- Readers
830 0 _aProject Gutenberg
_v22065
856 4 0 _uhttp://www.gutenberg.org/ebooks/22065
942 _cEB
999 _c251320
_d251320